000
00433nam a2200157Ia 4500
008
090124s9999 xx 000 0 und d
082
_b
202672
245
_a
श्री गणेश कोश
250
_a
1
260
_c
1981
300
_a
686
630
_a
श्री गणेश कोश
700
_a
गाडगीळ अमरेंद्र.
730
_a
श्री गणेश कोश
942
_c
BOOK
999
_c
184253
_d
184253